Economic growth and development in West Malaysia, 1947-1970
Saved in:
| Main Author: | |
|---|---|
| Format: | Book |
| Language: | Undetermined |
| Published: |
New York,Kuala Lumpur
Oxford University Press
1973
|
| Subjects: | |
| Tags: |
Add Tag
No Tags, Be the first to tag this record!
|
| Institutions: | Trung tâm Học liệu Trường Đại học Cần Thơ |
|---|
| LEADER | 00602nam a2200193Ia 4500 | ||
|---|---|---|---|
| 001 | CTU_90459 | ||
| 008 | 210402s9999 xx 000 0 und d | ||
| 082 | |a 330.9595 | ||
| 082 | |b L732 | ||
| 100 | |a David Lim | ||
| 245 | 0 | |a Economic growth and development in West Malaysia, 1947-1970 | |
| 245 | 0 | |c David Lim | |
| 260 | |a New York,Kuala Lumpur | ||
| 260 | |b Oxford University Press | ||
| 260 | |c 1973 | ||
| 650 | |a malaysia,malaysia,diversification in industry | ||
| 650 | |x economic conditions,economic policy,malaysia | ||
| 904 | |i Năm | ||
| 980 | |a Trung tâm Học liệu Trường Đại học Cần Thơ | ||